Digital Business and E-Commerce Management: (Record no. 183020)

MARC details
000 -LEADER
fixed length control field 00575 a2200181 4500
005 - DATE AND TIME OF LATEST TRANSACTION
control field 20211215110743.0
010 ## - LCCN (DPL NO)
LC control number ENG-130312
020 ## - INTERNATIONAL STANDARD BOOK NUMBER
Terms of availability 750.00
International Standard Book Number 978-81-949205-6-4
035 ## - SYSTEM CONTROL NUMBER
System control number EN-113844
037 ## - SOURCE OF ACQUISITION
Source of stock number/acquisition DBAD / PUB
082 ## - DEWEY DECIMAL CLASSIFICATION NUMBER
Classification number 381
245 ## - TITLE STATEMENT
Title Digital Business and E-Commerce Management:
Statement of responsibility, etc Edited by B. Menaka
250 ## - EDITION STATEMENT
Edition statement 2021
260 ## - PUBLICATION, DISTRIBUTION, ETC. (IMPRINT)
Name of publisher, distributor, etc Krishna Publication House
Date of publication, distribution, etc 2021
Place of publication, distribution, etc Gujarat
270 ## - ADDRESS
Address No. 303, Yashkunj, Apartment, Devbaug, Anantwadi, Bhavnagar
City Gujarat
Postal code 364002
300 ## - PHYSICAL DESCRIPTION
Extent 198p.
Dimensions 21cm (pbk)
942 ## - ADDED ENTRY ELEMENTS (KOHA)
Institution code [OBSOLETE] dpl
Item type English Books
Source of classification or shelving scheme Dewey Decimal Classification
Classification part 381
Call number suffix DIG
Holdings
Withdrawn status Lost status Not for loan Collection code Home library Current library Date acquired Source of acquisition Cost, normal purchase price Full call number Barcode Copy number Cost, replacement price Koha item type
      Non-fiction Shahdara Branch Shahdara Branch 15/12/2021 DBAD/PUB 750.00 381 DIG EN-113844 1 750.00 English Books

© Delhi Public Library
Hit Counter
free hit counter